| 000 | 01522cam a2200385 4500 | ||
|---|---|---|---|
| 008 | 000000n2003 000 0 eng u | ||
| 020 | _a0750658479 | ||
| 035 | _a(Sirsi) u121692 | ||
| 050 |
_a697 _c18 |
||
| 100 | _aHall, Fred | ||
| 245 | _aBuilding services handbook | ||
| 250 | _a2nd ed. | ||
| 260 |
_aOxford _bButterworth-Heinemann _c2003 |
||
| 300 |
_a513p. _bill. _c24cm. |
||
| 350 | _a20.00 | ||
| 520 | _aAn ideal tool for students on general construction or building services courses, this text summarises the key elements of building services practice, techniques and procedures through the use of diagrams and brief explanations. Includes comprehensive coverage of the latest Building, Water Supply, IEE Wiring Regulations and other standards of importance to building service professionals. | ||
| 520 | _aSuperceded by third edition (ISBN: 0750664606). | ||
| 650 |
_aUtilities _96272 |
||
| 650 |
_aBUILDING REGULATIONS _96224 |
||
| 650 | _aWATER SYSTEMS | ||
| 650 | _aGAS SYSTEMS | ||
| 650 | _aELECTRICAL INSTALLATIONS | ||
| 650 | _aFIRE PREVENTION | ||
| 650 | _aWASTE MANAGEMENT | ||
| 650 | _aHEATING SYSTEMS | ||
| 650 | _aVENTILATION SYSTEMS | ||
| 650 | _aBUILT ENVIRONMENT-BUILDING ELEMENTS-COMPLETE BUILDING SERVICES ELEMENTS-COMPLETE HEATING, VENTILATION AND AIR CONDITIONING SYSTEMS | ||
| 650 | _aDRAINAGE SYSTEMS | ||
| 650 | _aLIFTS | ||
| 650 | _aESCALATORS | ||
| 650 | _aSECURITY SYSTEMS | ||
| 690 |
_aBlock management _96220 |
||
| 700 | _aGreeno, Roger | ||
| 942 | _n0 | ||
| 999 |
_c102713 _d102713 |
||